Xây dựng môi trường văn hóa Msố vấn đề lý luận và thực tiễn
v.v...
Đã lưu trong:
| Định dạng: | Sách |
|---|---|
| Năm xuất bản: |
H.
[Knxb]
2004
|
| Chủ đề: | |
| Tags: |
Thêm thẻ
Không có thẻ, Hãy là người đầu tiên gắn thẻ bản ghi này!
|
| LEADER | 01253nam a2200217 4500 | ||
|---|---|---|---|
| 082 | |a 306 |b X125d | ||
| 100 | |a | ||
| 245 | |a Xây dựng môi trường văn hóa |c Đinh Xuân Dũng chủ biên, Chu Văn Mười, Nghiêm Huyền Vũ |b Msố vấn đề lý luận và thực tiễn | ||
| 260 | |a H. |b [Knxb] |c 2004 | ||
| 300 | |a 334 tr. |c 19 cm. | ||
| 520 | |a v.v... | ||
| 653 | |a Văn hóa | ||
| 653 | |a Môi trường văn hóa | ||
| 653 | |a Xây dựng | ||
| 942 | |2 ddc |c STK0 | ||
| 999 | |c 8883 |d 8883 | ||
| 952 | |0 0 |1 0 |2 ddc |4 0 |6 306_000000000000000_X125D |7 0 |8 300 |9 71927 |a qbu |b qbu |c D2 |d 2015-05-01 |g 29000 |o 306 X125d. |p 8535.c1 |r 0000-00-00 |w 2015-05-01 |y STK0 | ||
| 952 | |0 0 |1 0 |2 ddc |4 0 |6 306_000000000000000_X125D |7 0 |8 300 |9 71928 |a qbu |b qbu |c D2 |d 2015-05-01 |g 29000 |o 306 X125d. |p 8535.c2 |r 0000-00-00 |w 2015-05-01 |y STK0 | ||
| 952 | |0 0 |1 0 |2 ddc |4 0 |6 306_000000000000000_X125D |7 0 |8 300 |9 71929 |a qbu |b qbu |c D2 |d 2015-05-01 |g 29000 |o 306 X125d. |p 8535.c3 |r 0000-00-00 |w 2015-05-01 |y STK0 | ||
| 952 | |0 0 |1 0 |2 ddc |4 0 |6 306_000000000000000_X125D |7 0 |8 300 |9 71930 |a qbu |b qbu |c D2 |d 2015-05-01 |g 29000 |o 306 X125d. |p 8535.c4 |r 0000-00-00 |w 2015-05-01 |y STK0 | ||
| 952 | |0 0 |1 0 |2 ddc |4 0 |6 306_000000000000000_X125D |7 0 |8 300 |9 71931 |a qbu |b qbu |c D2 |d 2015-05-01 |g 29000 |o 306 X125d. |p 8535.c5 |r 0000-00-00 |w 2015-05-01 |y STK0 | ||